| 000 | 00698nam a22001937a 4500 | ||
|---|---|---|---|
| 005 | 20241105154427.0 | ||
| 008 | 241011b |||||||| |||| 00| 0 eng d | ||
| 020 | _a9781119879435 | ||
| 082 | _aDC 174.96 D441 2023 | ||
| 100 |
_aDe Poel, Ibo Van. _962772 |
||
| 245 |
_aEthics, technology, and engineering : _ban introduction / _cIbo Van De Poel and Lamber Royakkers. |
||
| 250 | _asecond edition. | ||
| 260 |
_aNew Jersey : _bWiley Blackwell, _c©2023. |
||
| 300 |
_ax, 364 pages : _billustrations ; _c25 cm. |
||
| 500 | _aIncludes appendices, references, and index. | ||
| 650 | 0 |
_aTechnology _xMoral and ethical aspects. _963647 |
|
| 700 |
_aRoyakkers, Lamber. _962773 _eauthor. |
||
| 942 |
_2ddc _cDC |
||
| 999 |
_c22478 _d22478 |
||